Breve historia de los Estados Unidos
Guardat en:
| Autors principals: | , , |
|---|---|
| Format: | Llibre |
| Idioma: | espanyol |
| Publicat: |
Ciudad de México
Fondo de Cultura Económica
1980
|
| Edició: | 2a. ed |
| Col·lecció: | Sección de Obras de Historia
|
| Matèries: | |
| Etiquetes: |
Afegir etiqueta
Sense etiquetes, Sigues el primer a etiquetar aquest registre!
|
MARC
| LEADER | 00000nam a2200000 a 4500 | ||
|---|---|---|---|
| 001 | UCP8625 | ||
| 003 | CL-VaPUC | ||
| 008 | 000310e19800000MX |||||||||||||||||spa|d | ||
| 082 | 0 | 4 | |a 973 |b MOR |2 21 |
| 100 | |a Morison, Samuel Eliot |e autor |9 295298 | ||
| 700 | 0 | |a Commager, Henry Steele |e author |9 438706 | |
| 700 | 0 | |a Leuchtenburg, W. E |e author |9 438707 | |
| 245 | 1 | 0 | |a Breve historia de los Estados Unidos |
| 250 | |a 2a. ed | ||
| 300 | |a 967 p | ||
| 942 | |c BK | ||
| 945 | |d 20000310 00:00:00 |a lriquelm | ||
| 260 | |a Ciudad de México |b Fondo de Cultura Económica |c 1980 | ||
| 650 | 0 | |a Historia de Estados Unidos |9 354186 | |
| 650 | 0 | |a Guerra de independencia |9 327964 | |
| 650 | 0 | |a Historia constitucional |9 256052 | |
| 650 | 0 | |a Guerra civil |9 320243 | |
| 650 | 0 | |a Imperialismo |9 258264 | |
| 650 | 0 | |a Primera Guerra Mundial |9 373283 | |
| 650 | 0 | |a Segunda Guerra Mundial |9 325982 | |
| 650 | 0 | |a Guerra Fría |9 319648 | |
| 651 | 0 | |a Estados Unidos |9 255178 | |
| 583 | |a last modification |c 20131001 12:55:05 |k Rodrigo Vera | ||
| 490 | 0 | |a Sección de Obras de Historia | |
| 999 | |c 285516 |d 285514 | ||
| 952 | |0 0 |1 0 |4 0 |6 973_000000000000000_MOR_1980 |7 0 |8 A |9 330174 |a BIBHIS |b BIBHIS |d 2019-11-20 |i 1385100 |o 973 MOR 1980 |p 1385100 |r 2025-01-20 |w 2019-11-20 |y BK |k HIS | ||